Electricidad 1-7 / Harry Mileaf (Registro nro. 14201)
[ vista simple ]
| 000 -LÍDER | |
|---|---|
| fixed length control field | 00427nam a2200157 4500 |
| 008 - ELEMENTOS DE LONGITUD FIJA -- INFORMACIÓN GENERAL | |
| fixed length control field | 0 1979 0a 000 0MEX |
| 020 ## - NÚMERO INTERNACIONAL NORMALIZADO PARA LIBROS | |
| ISBN | 968-18-0973-4 |
| 050 ## - SIGNATURA TOPOGRAFICA DE LA BIBLIOTECA DEL CONGRESO (LC) | |
| Número de Clasificación | TK146 M5518 |
| 082 ## - NUMERO DE CLASIFICACION DECIMAL DEWEY | |
| Número de Clasificación | 537 M396e |
| 100 ## - ASIENTO PRINCIPAL--NOMBRE PERSONAL | |
| Nombre personal | Mileaf, Harry |
| 245 ## - TÍTULO | |
| Título | Electricidad 1-7 / Harry Mileaf |
| 260 ## - PUBLICACIÓN, DISTRIBUCIÓN, ETC. (PIE DE IMPRENTA) | |
| Lugar de publicación, distribución, etc. | México : Limusa |
| 300 ## - DESCRIPCIÓN FÍSICA | |
| Extensión | 950 p. / 23cm |
| 500 ## - NOTA GENERAL | |
| Nota general | Incluye índice |
| 650 ## - ASIENTO SECUNDARIO DE MATERIA - TERMINO TEMÁTICO | |
| Término temático o nombre geográfico como elemento de entrada | 1.ELECTRICIDAD \ 2.INGENIERIA ELECTRICA |
| No. biblioteca | No. biblioteca | Número de clasificación | Código de barras/Número de adquisición | Número de copia | Tipo de material |
|---|---|---|---|---|---|
| LUIS G. INCLAN | LUIS G. INCLAN | 537 M396e | 4049 | 2 | Libros |
| LUIS G. INCLAN | LUIS G. INCLAN | 537 M396e | 43953 | 3 | Libros |
| LUIS G. INCLAN | LUIS G. INCLAN | 537 M396e | 5197 | 5 | Libros |
| ÁREA DE BÁSICAS | LUIS G. INCLAN | 537 M396e | 52909 | 6 | Libros |
